000
00337nam a22001457a 4500
003
OSt
005
20240418163759.0
008
240418b |||||||| |||| 00| 0 eng d
040
_c
MRSPTU
245
_a
Gurmukhi (ਗੁਰਮੁਖੀ)
250
_a
1st
260
_a
Punjab
_b
Gurmukhi Taksal
_c
2022
300
_a
38
942
_2
ddc
_c
BK
_n
0
999
_c
10101
_d
10101